[Event "GER-chT Christmas U20"]
[Site "Playchess.com INT"]
[Date "2020.12.29"]
[Round "6.3"]
[White "Ruf, David"]
[Black "Hoffknecht, Philipp"]
[Result "0-1"]
[WhiteElo "1581"]
[BlackElo "1575"]
[PlyCount "136"]
[EventDate "2020.12.29"]
[EventType "team-swiss (blitz)"]
[EventRounds "7"]
[EventCountry "GER"]
[SourceTitle "CBM 200 Extra"]
[Source "ChessBase"]
[SourceDate "2021.03.31"]
[SourceVersion "1"]
[SourceVersionDate "2021.03.31"]
[SourceQuality "1"]
[WhiteTeam "Ersingen"]
[BlackTeam "Heinsberg"]
[WhiteTeamCountry "GER"]
[BlackTeamCountry "GER"]

1. d4 d5 2. c4 c6 3. Nc3 Nf6 4. Nf3 Bf5 5. e3 e6 6. cxd5 cxd5 7. Bb5+ Nc6 8. Ne5 Qc7 9. Qa4 Rc8 10. Qxa7 Bd6 11. Bxc6+ bxc6 12. Qxc7 Rxc7 13. Nf3 0-0 14. 0-0 Rb8 15. b3 Bd3 16. Rd1 Bc2 17. Rd2 Bf5 18. Bb2 Bb4 19. Re2 Bd3 20. Rd2 Bf5 21. Rdd1 c5 22. Rac1 cxd4 23. Nxd4 Bg4 24. f3 Bh5 25. e4 dxe4 26. Nxe4 Rxc1 27. Nxf6+ gxf6 28. Rxc1 Bd2 29. Rd1 Be3+ 30. Kf1 Rd8 31. Ke2 Bg5 32. Nc6 Rxd1 33. Kxd1 f5 34. Ne7+ Bxe7 35. a4 Bb4 36. Ke2 f4 37. Be5 Bg6 38. Kd1 Kf8 39. Bxf4 Ke7 40. Bd2 Bxd2 41. Kxd2 Kd6 42. f4 Kc5 43. Kc3 Be4 44. g3 f6 45. b4+ Kb6 46. Kd4 Bf5 47. Kc4 e5 48. a5+ Kc6 49. b5+ Kb7 50. fxe5 fxe5 51. Kc5 e4 52. a6+ Ka7 53. b6+ Kxa6 54. Kc6 Bc8 55. Kc7 Bb7 56. Kd6 e3 57. Ke7 Kxb6 58. Kf6 e2 59. Kg7 e1Q 60. Kxh7 Qg1 61. g4 Qxg4 62. h4 Be4+ 63. Kh6 Qxh4+ 64. Kg7 Qh7+ 65. Kf8 Kc6 66. Ke8 Kd6 67. Kf8 Ke6 68. Ke8 Qe7# 0-1

[Event "GER-chT Christmas U20"]
[Site "Playchess.com INT"]
[Date "2020.12.29"]
[Round "4.3"]
[White "Ruf, David"]
[Black "Werner, Florin"]
[Result "0-1"]
[WhiteElo "1581"]
[BlackElo "1533"]
[PlyCount "86"]
[EventDate "2020.12.29"]
[EventType "team-swiss (blitz)"]
[EventRounds "7"]
[EventCountry "GER"]
[SourceTitle "CBM 200 Extra"]
[Source "ChessBase"]
[SourceDate "2021.03.31"]
[SourceVersion "1"]
[SourceVersionDate "2021.03.31"]
[SourceQuality "1"]
[WhiteTeam "Ersingen"]
[BlackTeam "Offenbach"]
[WhiteTeamCountry "GER"]
[BlackTeamCountry "GER"]

1. d4 d5 2. c4 e6 3. Nc3 Nf6 4. Nf3 c5 5. e3 Nc6 6. cxd5 exd5 7. dxc5 Bxc5 8. Bb5 0-0 9. 0-0 Bg4 10. h3 Bh5 11. a3 Bb6 12. b4 a6 13. Be2 Bg6 14. Bb2 Re8 15. Qb3 d4 16. Rad1 Re7 17. exd4 Bxd4 18. Bc4 Rd7 19. Na4 Bxb2 20. Rxd7 Qxd7 21. Qxb2 Qc7 22. Nc3 Rd8 23. Rc1 Qe7 24. b5 axb5 25. Nxb5 h6 26. a4 Ne4 27. Re1 Qc5 28. Rc1 Qb6 29. Qe2 Re8 30. Qa2 Qd8 31. Bd5 Nb4 32. Qb3 Nxd5 33. Rd1 Nef6 34. Nc3 Qa5 35. Nxd5 Nxd5 36. Rxd5 Qc7 37. Qb5 Qc1+ 38. Kh2 Rc8 39. Qxb7 Kh7 40. Ne5 Qf4+ 41. g3 Qxf2+ 42. Kh1 Rc1+ 43. Rd1 Rxd1# 0-1

[Event "GER-chT Christmas U20"]
[Site "Playchess.com INT"]
[Date "2020.12.29"]
[Round "1.3"]
[White "Wolf, Pablo"]
[Black "Ruf, David"]
[Result "1-0"]
[WhiteElo "2001"]
[BlackElo "1581"]
[PlyCount "119"]
[EventDate "2020.12.29"]
[EventType "team-swiss (blitz)"]
[EventRounds "7"]
[EventCountry "GER"]
[SourceTitle "CBM 200 Extra"]
[Source "ChessBase"]
[SourceDate "2021.03.31"]
[SourceVersion "1"]
[SourceVersionDate "2021.03.31"]
[SourceQuality "1"]
[WhiteTeam "Bamberg"]
[BlackTeam "Ersingen"]
[WhiteTeamCountry "GER"]
[BlackTeamCountry "GER"]

1. e4 c5 2. Nc3 Nc6 3. g3 Nf6 4. Bg2 d6 5. d3 e6 6. Be3 Be7 7. f4 0-0 8. Nf3 d5 9. e5 Ng4 10. Bd2 b6 11. h3 Nh6 12. 0-0 f6 13. exf6 Bxf6 14. Qe2 Nf5 15. Kh2 Ncd4 16. Nxd4 Nxd4 17. Qh5 Bb7 18. Rac1 Rb8 19. Qg4 Nf5 20. Rce1 Qd7 21. Nd1 Rfe8 22. c3 Ba6 23. Qe2 c4 24. d4 Bc8 25. Ne3 Kf8 26. Qf3 Qf7 27. Nxf5 exf5 28. Qxd5 Qxd5 29. Bxd5 Rxe1 30. Rxe1 Bb7 31. Bxc4 a6 32. Bf1 b5 33. Bg2 Bc8 34. d5 Bd7 35. Be3 Re8 36. Bc5+ Kf7 37. Rxe8 Kxe8 38. Kg1 Kd8 39. Kf2 Kc7 40. Ke3 Kb7 41. Bd4 Bxd4+ 42. Kxd4 Kc7 43. Ke5 g6 44. d6+ Kd8 45. Bd5 Ke8 46. b3 Kf8 47. c4 bxc4 48. bxc4 Ke8 49. c5 Kd8 50. c6 Be8 51. c7+ Kd7 52. Be6+ Kc6 53. c8Q+ Kb6 54. Qxe8 Ka5 55. d7 g5 56. d8Q+ Kb4 57. Qc6 gxf4 58. Qdb6+ Ka3 59. Qc3+ Ka4 60. Qcb4# 1-0